[Event "6. Internacional San Jose de Rio Preto"]
[Site "Rio Preto BRA"]
[Date "2007.04.19"]
[Round "1.1"]
[White "Stamenkovic, Dragan"]
[Black "Navarrete, Daniel"]
[Result "1-0"]
[WhiteElo "2423"]
[BlackElo "2115"]
[PlyCount "43"]
[EventDate "2007.04.19"]
[EventType "tourn"]
[EventRounds "11"]
[EventCountry "BRA"]
[Source "lmi"]
[SourceDate "2007.04.19"]

1. e4 e6 2. d4 d5 3. Nc3 Nf6 4. Bg5 Be7 5. e5 Nfd7 6. Bxe7 Qxe7 7. f4 a6 8. Nf3
c5 9. Qd2 Nc6 10. O-O-O b5 11. dxc5 Qxc5 12. Ne2 Bb7 13. Ned4 Nxd4 14. Nxd4 Nb6
15. f5 exf5 16. Nxf5 O-O-O 17. Nd6+ Rxd6 18. exd6 Qxd6 19. Qd4 Qh6+ 20. Kb1 Nc4
21. Bxc4 bxc4 22. Rhe1 1-0

[Event "6. Internacional San Jose de Rio Preto"]
[Site "Rio Preto BRA"]
[Date "2007.04.19"]
[Round "1.4"]
[White "Crosa, Martin"]
[Black "Perdomo, Leandro"]
[Result "0-1"]
[WhiteElo "2403"]
[BlackElo "2389"]
[PlyCount "54"]
[EventDate "2007.04.19"]
[EventType "tourn"]
[EventRounds "11"]
[EventCountry "BRA"]
[Source "lmi"]
[SourceDate "2007.04.19"]

1. g3 g6 2. Bg2 Bg7 3. f4 d5 4. d3 Nf6 5. Nf3 O-O 6. O-O c6 7. Nc3 d4 8. Ne4
Nd5 9. Qe1 f5 10. Nf2 Qb6 11. Nd1 Qc5 12. Qd2 Nd7 13. Ng5 N7f6 14. a3 a5 15.
Kh1 Ng4 16. b4 Qd6 17. Rb1 axb4 18. axb4 Nde3 19. Nxe3 Nxe3 20. Rf2 Ra2 21. Bb2
h6 22. Nf3 Be6 23. Kg1 Rfa8 24. Ne1 Rxb2 25. Rxb2 Ra1 26. b5 Qa3 27. Rb3 Bxb3
0-1

[Event "6. Internacional San Jose de Rio Preto"]
[Site "Rio Preto BRA"]
[Date "2007.04.19"]
[Round "1.5"]
[White "Borges, Leomar"]
[Black "Marra, Eduardo da Costa"]
[Result "1/2-1/2"]
[WhiteElo "2225"]
[BlackElo "2290"]
[PlyCount "21"]
[EventDate "2007.04.19"]
[EventType "tourn"]
[EventRounds "11"]
[EventCountry "BRA"]
[SourceDate "2007.04.19"]

1. Nf3 g6 2. d4 d5 3. e3 Bg7 4. Be2 Nf6 5. O-O O-O 6. c4 c6 7. Nc3 a6 8. b3 Bf5
9. Bb2 Ne4 10. Rc1 Nxc3 11. Bxc3 1/2-1/2

[Event "6. Internacional San Jose de Rio Preto"]
[Site "Rio Preto BRA"]
[Date "2007.04.19"]
[Round "1.6"]
[White "Santos, Marcus Vinicius"]
[Black "El Debs, Felipe"]
[Result "0-1"]
[WhiteElo "2401"]
[BlackElo "2393"]
[PlyCount "82"]
[EventDate "2007.04.19"]
[EventType "tourn"]
[EventRounds "11"]
[EventCountry "BRA"]
[Source "lmi"]
[SourceDate "2007.04.19"]

1. d4 d5 2. c4 c6 3. Nf3 Nf6 4. e3 a6 5. Bd3 e6 6. b3 Bb4+ 7. Nbd2 c5 8. O-O
dxc4 9. bxc4 O-O 10. Bb2 cxd4 11. exd4 b5 12. cxb5 axb5 13. Bxb5 Bb7 14. a4 Nc6
15. Nb3 Na7 16. Bd3 Rb8 17. Ne5 Qd5 18. f3 Rfc8 19. Rc1 Rxc1 20. Nxc1 Qd6 21.
Nc4 Qc7 22. Ne2 Bd5 23. Qc2 Bf8 24. Rc1 Qb7 25. Ba1 Nc6 26. Qd1 Nb4 27. Bb1 Qa6
28. Ne5 Na2 29. Bd3 Qa5 30. Rb1 Rxb1 31. Bxb1 Bb3 32. Qf1 Qxa4 33. Ng3 Nb4 34.
Ne4 Nxe4 35. Bxe4 f6 36. Nd3 Nc2 37. Bc3 Qc4 38. Bb2 Nxd4 39. Nc1 Qb4 40. Nxb3
Nxb3 41. Bd3 Nc5 0-1

[Event "6. Internacional San Jose de Rio Preto"]
[Site "Rio Preto BRA"]
[Date "2007.04.20"]
[Round "2.1"]
[White "Navarrete, Daniel"]
[Black "El Debs, Felipe"]
[Result "0-1"]
[WhiteElo "2115"]
[BlackElo "2393"]
[PlyCount "160"]
[EventDate "2007.04.19"]
[EventType "tourn"]
[EventRounds "11"]
[EventCountry "BRA"]
[Source "lmi"]
[SourceDate "2007.04.19"]

1. e4 c5 2. Nf3 e6 3. d4 cxd4 4. Nxd4 Nc6 5. Be2 Nf6 6. Nc3 Qc7 7. Bg5 a6 8.
O-O Bd6 9. h3 Be5 10. Be3 Qd6 11. Nxc6 Qxc6 12. Bd4 Qd6 13. Bxe5 Qxe5 14. f4
Qc5+ 15. Kh1 d6 16. Qd3 Bd7 17. Qg3 O-O 18. e5 Ne8 19. Bd3 Bc6 20. Rae1 f5 21.
Rf2 b5 22. Rfe2 b4 23. Nb1 Nc7 24. Nd2 Bd5 25. exd6 Qxd6 26. Nc4 Qc5 27. Ne5
Rad8 28. a3 bxa3 29. bxa3 Qxa3 30. Qe3 Qd6 31. Rb1 Rb8 32. Rxb8 Rxb8 33. c4 Ba8
34. c5 Qd5 35. Bc4 Qd1+ 36. Kh2 Rd8 37. c6 Qd4 38. Qg3 Qd6 39. Qg5 Rf8 40. Re3
Bxc6 41. Rg3 Ne8 42. Bxa6 Rf6 43. Rc3 Ba4 44. Bb7 h6 45. Qg3 Kh7 46. Bc6 Bxc6
47. Rxc6 Qe7 48. Qe3 Nc7 49. Rc4 Nd5 50. Qg3 Rf8 51. Ra4 Rc8 52. Qg6+ Kg8 53.
Ra7 Nc7 54. Qg3 Qc5 55. Rb7 Qd5 56. Rb3 Qe4 57. Re3 Qa4 58. Rc3 Qe8 59. Rb3 Nd5
60. Rb7 Rc7 61. Rxc7 Nxc7 62. Qf2 Nd5 63. g3 Qe7 64. Qe2 Nf6 65. Nf3 Kh7 66.
Nd4 Ne4 67. Nc6 Qa3 68. Qg2 Qe3 69. Ne5 Nd2 70. h4 Ne4 71. Nc4 Qe1 72. Ne5 Qd1
73. Qf3 Qc1 74. Qg2 Qe1 75. Nd3 Qe3 76. Ne5 Nd2 77. Kh1 Qe1+ 78. Kh2 Nf1+ 79.
Kh3 Ne3 80. Qb2 Qh1+ 0-1

[Event "6. Internacional San Jose de Rio Preto"]
[Site "Rio Preto BRA"]
[Date "2007.04.20"]
[Round "2.2"]
[White "Marra, Eduardo"]
[Black "Santos, Marcus Vinicius"]
[Result "1-0"]
[WhiteElo "2290"]
[BlackElo "2401"]
[PlyCount "61"]
[EventDate "2007.04.19"]
[EventType "tourn"]
[EventRounds "11"]
[EventCountry "BRA"]
[Source "lmi"]
[SourceDate "2007.04.19"]

1. e4 e5 2. Nf3 Nc6 3. d4 exd4 4. Nxd4 Nf6 5. Nxc6 bxc6 6. e5 Qe7 7. Qe2 Nd5 8.
c4 Ba6 9. b3 Qh4 10. a3 Bc5 11. g3 Bxf2+ 12. Qxf2 Qe4+ 13. Kd1 Qxh1 14. Nd2
Nc3+ 15. Kc2 Ne4 16. Nxe4 Qxe4+ 17. Bd3 Qg4 18. Bf5 Qh5 19. h4 f6 20. exf6 gxf6
21. Bb2 O-O 22. g4 Qf7 23. Rg1 Rab8 24. Qf4 Rfe8 25. Bd3 d5 26. Bxf6 dxc4 27.
bxc4 Rbd8 28. Qg5+ Kf8 29. Bxd8 Qf2+ 30. Kc3 Qxg1 31. Qf6+ 1-0

[Event "6. Internacional San Jose de Rio Preto"]
[Site "Rio Preto BRA"]
[Date "2007.04.20"]
[Round "2.4"]
[White "Batista, Gerson Peres"]
[Black "Crosa, Martin"]
[Result "1/2-1/2"]
[WhiteElo "2240"]
[BlackElo "2403"]
[PlyCount "136"]
[EventDate "2007.04.19"]
[EventType "tourn"]
[EventRounds "11"]
[EventCountry "BRA"]
[Source "lmi"]
[SourceDate "2007.04.19"]

1. d4 Nf6 2. c4 g6 3. Nc3 Bg7 4. e4 d6 5. Be2 O-O 6. Bg5 c5 7. dxc5 Qa5 8. Bd2
Qxc5 9. Nf3 Bg4 10. Be3 Qc8 11. O-O Nc6 12. Rc1 Qe6 13. Nd4 Bxe2 14. Qxe2 Qd7
15. Nxc6 bxc6 16. f3 Qe6 17. b3 Nd7 18. Qd2 Qe5 19. Ne2 a5 20. Rfd1 c5 21. Nc3
Rfb8 22. f4 Qh5 23. e5 Ra6 24. Nb5 Rd8 25. Nc7 Rc6 26. Nd5 Re8 27. Qxa5 Nf8 28.
Qa7 dxe5 29. Nxe7+ Rxe7 30. Qxe7 Qe2 31. Bxc5 Re6 32. Qb7 exf4 33. Rd8 Re5 34.
Bf2 Qxa2 35. Qf3 g5 36. h3 Bf6 37. Ra8 Qb2 38. Rd1 Re6 39. c5 Kg7 40. c6 Qc2
41. b4 Rxc6 42. Bc5 Ng6 43. Re1 Rc7 44. Qe4 Qc3 45. Ra6 Rd7 46. Rf1 Bd4+ 47.
Bxd4+ Rxd4 48. Qf5 Qe3+ 49. Kh1 Qe7 50. b5 h5 51. Raa1 Rd2 52. Rae1 Qd8 53. Qe4
g4 54. Rxf4 gxh3 55. gxh3 Nxf4 56. Qxf4 Qd5+ 57. Qe4 Qxe4+ 58. Rxe4 Rb2 59. Re5
Kg6 60. Rc5 f5 61. h4 Rb4 62. Rc6+ Kf7 63. b6 Rxh4+ 64. Kg2 Rb4 65. Kg3 h4+ 66.
Kh3 Ke7 67. b7 Rxb7 68. Kxh4 Rb8 1/2-1/2

[Event "6. Internacional San Jose de Rio Preto"]
[Site "Rio Preto BRA"]
[Date "2007.04.20"]
[Round "2.6"]
[White "Stamenkovic, Dragan"]
[Black "Oliveira, Silvio Eduardo"]
[Result "0-1"]
[WhiteElo "2423"]
[BlackElo "2176"]
[PlyCount "78"]
[EventDate "2007.04.19"]
[EventType "tourn"]
[EventRounds "11"]
[EventCountry "BRA"]
[Source "lmi"]
[SourceDate "2007.04.19"]

1. d4 d5 2. Bg5 h6 3. Bh4 c6 4. Qd3 Qb6 5. b3 Nd7 6. Nf3 e6 7. e3 Ne7 8. Be2
Nf5 9. Bg3 a5 10. a3 Be7 11. Nbd2 Nxg3 12. hxg3 O-O 13. g4 Qd8 14. c4 b6 15.
Bd1 f5 16. Bc2 Qe8 17. gxf5 exf5 18. g4 Nf6 19. gxf5 Ne4 20. cxd5 cxd5 21. Nxe4
Bxf5 22. Nfd2 dxe4 23. Nxe4 Rc8 24. f3 Qg6 25. Qe2 Rxc2 26. Qxc2 Rc8 27. Qe2
Bxe4 28. fxe4 Qxe4 29. O-O Bg5 30. Rae1 Rc3 31. Rf3 Rc2 32. Qf1 Bh4 33. Re2 Rc6
34. Rg2 Bg5 35. Rgg3 Rc3 36. Qe2 Rc1+ 37. Rf1 Rc3 38. Rff3 Rc1+ 39. Kg2 Rc2 0-1

[Event "6. Internacional San Jose de Rio Preto"]
[Site "Rio Preto BRA"]
[Date "2007.04.20"]
[Round "3.1"]
[White "Oliveira, Silvio Eduardo"]
[Black "Navarrete, Daniel"]
[Result "1-0"]
[WhiteElo "2187"]
[BlackElo "2115"]
[PlyCount "53"]
[EventDate "2007.04.19"]
[EventType "tourn"]
[EventRounds "11"]
[EventCountry "BRA"]
[Source "lmi"]
[SourceDate "2007.04.19"]

1. e4 e6 2. d4 d5 3. Nc3 Nf6 4. e5 Nfd7 5. f4 c5 6. Nf3 Nc6 7. Be3 Be7 8. Qd2
cxd4 9. Nxd4 a6 10. O-O-O Qc7 11. g4 Nxd4 12. Bxd4 Nb6 13. f5 h6 14. h4 Bd7 15.
Qe3 Na4 16. fxe6 fxe6 17. Nxa4 Bxa4 18. Bd3 Rc8 19. Bg6+ Kd7 20. b3 Bc6 21. Bb6
Qb8 22. Kb1 Rcf8 23. c4 Bd8 24. cxd5 Bxd5 25. Rxd5+ exd5 26. e6+ Kd6 27. Qg3+
1-0

[Event "6. Internacional San Jose de Rio Preto"]
[Site "Rio Preto BRA"]
[Date "2007.04.20"]
[Round "3.3"]
[White "Crosa, Martin"]
[Black "Dolezal, Cristian"]
[Result "1/2-1/2"]
[WhiteElo "2403"]
[BlackElo "2414"]
[PlyCount "21"]
[EventDate "2007.04.19"]
[EventType "tourn"]
[EventRounds "11"]
[EventCountry "BRA"]
[Source "lmi"]
[SourceDate "2007.04.19"]

1. e4 e6 2. d4 d5 3. e5 b6 4. c3 Qd7 5. a4 a5 6. Bd3 Ba6 7. Bc2 c5 8. f4 Nc6 9.
Nf3 f5 10. Be3 cxd4 11. Nxd4 1/2-1/2

[Event "6. Internacional San Jose de Rio Preto"]
[Site "Rio Preto BRA"]
[Date "2007.04.20"]
[Round "3.5"]
[White "Santos, Marcus Vinicius"]
[Black "Perdomo, Leandro"]
[Result "0-1"]
[WhiteElo "2401"]
[BlackElo "2389"]
[PlyCount "60"]
[EventDate "2007.04.19"]
[EventType "tourn"]
[EventRounds "11"]
[EventCountry "BRA"]
[Source "lmi"]
[SourceDate "2007.04.19"]

1. d4 Nf6 2. c4 g6 3. f3 Bg7 4. e4 O-O 5. Nc3 d6 6. Bg5 c5 7. d5 h6 8. Be3 e6
9. Qd2 exd5 10. cxd5 Re8 11. Nge2 Nbd7 12. Nc1 a6 13. a4 Nh5 14. Be2 Qh4+ 15.
Bf2 Qg5 16. Qxg5 hxg5 17. g3 f5 18. O-O Nhf6 19. exf5 gxf5 20. f4 gxf4 21. gxf4
Ne4 22. Nxe4 fxe4 23. Rb1 Nb6 24. a5 Nxd5 25. Bc4 Be6 26. f5 Bf7 27. Rd1 Nf4
28. Bxf7+ Kxf7 29. Rxd6 Rad8 30. Bxc5 Bf8 0-1

[Event "6. Internacional San Jose de Rio Preto"]
[Site "Rio Preto BRA"]
[Date "2007.04.20"]
[Round "3.6"]
[White "El Debs, Felipe"]
[Black "Marra, Eduardo"]
[Result "1/2-1/2"]
[WhiteElo "2393"]
[BlackElo "2290"]
[PlyCount "27"]
[EventDate "2007.04.19"]
[EventType "tourn"]
[EventRounds "11"]
[EventCountry "BRA"]
[Source "lmi"]
[SourceDate "2007.04.19"]

1. d4 d5 2. c4 c6 3. Nc3 e5 4. dxe5 d4 5. Ne4 Qa5+ 6. Nd2 Nd7 7. Ngf3 Nxe5 8.
Nxd4 Nxc4 9. e3 Nxd2 10. Bxd2 Bb4 11. a3 Bxd2+ 12. Qxd2 Qxd2+ 13. Kxd2 Nf6 14.
Bc4 1/2-1/2

[Event "6. Internacional San Jose de Rio Preto"]
[Site "Rio Preto BRA"]
[Date "2007.04.21"]
[Round "4.1"]
[White "Navarrete, Daniel"]
[Black "Marra, Eduardo"]
[Result "0-1"]
[WhiteElo "2115"]
[BlackElo "2290"]
[PlyCount "38"]
[EventDate "2007.04.19"]
[EventType "tourn"]
[EventRounds "11"]
[EventCountry "BRA"]
[Source "lmi"]
[SourceDate "2007.04.19"]

1. e4 c5 2. Nf3 d6 3. d4 cxd4 4. Nxd4 Nf6 5. Nc3 a6 6. Be2 e5 7. Nb3 Be7 8. O-O
Be6 9. Be3 b5 10. a3 Nbd7 11. f3 O-O 12. Qe1 Nb6 13. Nd2 d5 14. exd5 Nbxd5 15.
Nxd5 Nxd5 16. Bf2 Qc7 17. c4 Nf4 18. cxb5 axb5 19. Rc1 Qxc1 0-1

[Event "6. Internacional San Jose de Rio Preto"]
[Site "Rio Preto BRA"]
[Date "2007.04.21"]
[Round "4.3"]
[White "Batista, Gerson Peres"]
[Black "Santos, Marcus Vinicius"]
[Result "0-1"]
[WhiteElo "2240"]
[BlackElo "2401"]
[PlyCount "42"]
[EventDate "2007.04.19"]
[EventType "tourn"]
[EventRounds "11"]
[EventCountry "BRA"]
[Source "lmi"]
[SourceDate "2007.04.19"]

1. e4 c5 2. Nf3 Nc6 3. c3 e6 4. d4 d5 5. e5 Qb6 6. Bd3 Bd7 7. dxc5 Bxc5 8. Qe2
f6 9. O-O fxe5 10. Nxe5 Nxe5 11. Qxe5 Nf6 12. Qe2 O-O 13. Bf4 Ne4 14. Bxe4 Rxf4
15. Bd3 Rxf2 16. Rxf2 Rf8 17. Qh5 h6 18. Qg6 Rxf2 19. Qh7+ Kf7 20. Nd2 Qxb2 21.
Rb1 Rxd2+ 0-1

[Event "6. Internacional San Jose de Rio Preto"]
[Site "Rio Preto BRA"]
[Date "2007.04.21"]
[Round "4.4"]
[White "Dolezal, Cristian"]
[Black "Borges, Leomar"]
[Result "0-1"]
[WhiteElo "2414"]
[BlackElo "2225"]
[PlyCount "89"]
[EventDate "2007.04.19"]
[EventType "tourn"]
[EventRounds "11"]
[EventCountry "BRA"]
[Source "lmi"]
[SourceDate "2007.04.19"]

1. e4 Nf6 2. Nc3 d5 3. e5 Nfd7 4. f4 c5 5. Nf3 Nc6 6. Bb5 e6 7. O-O Qb6 8. d3
Be7 9. Kh1 O-O 10. Bd2 a6 11. Bxc6 Qxc6 12. a4 b6 13. Be1 Bb7 14. Bh4 Bxh4 15.
Nxh4 f6 16. exf6 Rxf6 17. Qe2 Raf8 18. g3 b5 19. axb5 axb5 20. Qg2 b4 21. Ne2
Qb6 22. Kg1 d4 23. Nf3 Ne5 24. fxe5 Rxf3 25. Rxf3 Bxf3 26. Qf2 Bb7 27. Nf4 g5
28. Kf1 gxf4 29. gxf4 b3 30. Ke2 bxc2 31. Rg1+ Kh8 32. Qg3 c1=N+ 33. Kd1 Qc7
34. Kxc1 Qf7 35. Rf1 Qg6 36. Kc2 c4 37. Qxg6 hxg6 38. dxc4 Be4+ 39. Kb3 Rb8+
40. Ka3 Bc2 41. b4 d3 42. Rf2 Rd8 43. Rd2 Rd4 44. c5 Rc4 45. Rf2 0-1

[Event "6. Internacional San Jose de Rio Preto"]
[Site "Rio Preto BRA"]
[Date "2007.04.22"]
[Round "5.3"]
[White "Borges, Leomar"]
[Black "Stamenkovic, Dragan"]
[Result "1/2-1/2"]
[WhiteElo "2225"]
[BlackElo "2423"]
[PlyCount "31"]
[EventDate "2007.04.19"]
[EventType "tourn"]
[EventRounds "11"]
[EventCountry "BRA"]
[Source "lmi"]
[SourceDate "2007.04.19"]

1. Nf3 d5 2. b3 c5 3. e3 Nc6 4. Bb2 Nf6 5. Be2 Bf5 6. O-O e6 7. d4 h6 8. c4 Be7
9. dxc5 Bxc5 10. Nc3 dxc4 11. Bxc4 Qxd1 12. Rfxd1 O-O 13. Nb5 Rfd8 14. Nbd4
Nxd4 15. Nxd4 Bg6 16. Be2 1/2-1/2

[Event "6. Internacional San Jose de Rio Preto"]
[Site "Rio Preto BRA"]
[Date "2007.04.22"]
[Round "5.4"]
[White "Santos, Marcus Vinicius"]
[Black "Dolezal, Cristian"]
[Result "1-0"]
[WhiteElo "2401"]
[BlackElo "2414"]
[PlyCount "89"]
[EventDate "2007.04.19"]
[EventType "tourn"]
[EventRounds "11"]
[EventCountry "BRA"]
[Source "lmi"]
[SourceDate "2007.04.19"]

1. c4 g6 2. g3 Bg7 3. Bg2 e6 4. Nc3 Ne7 5. e4 c5 6. Nge2 Nbc6 7. O-O d6 8. d3
O-O 9. Be3 Nd4 10. Rb1 Nec6 11. a3 b6 12. b4 Bb7 13. Qd2 Qd7 14. f4 f5 15. Bf2
Rf7 16. Nxd4 Nxd4 17. Ne2 Nxe2+ 18. Qxe2 Re8 19. Qc2 e5 20. fxe5 fxe4 21. dxe4
Bxe5 22. Be3 Rxf1+ 23. Rxf1 Qe6 24. Bh6 Bd4+ 25. Kh1 Bg7 26. Bxg7 Kxg7 27. Qc3+
Qe5 28. Qxe5+ Rxe5 29. Rd1 Bxe4 30. Rxd6 Bf5 31. Bd5 Bh3 32. Kg1 Re1+ 33. Kf2
Ra1 34. bxc5 Ra2+ 35. Ke3 bxc5 36. Ra6 Bf5 37. Rxa7+ Kf6 38. g4 Bxg4 39. Kf4
Be6 40. Ra6 Re2 41. Rxe6+ Rxe6 42. Bxe6 Kxe6 43. Kg5 Ke5 44. h4 Kd6 45. Kh6 1-0

[Event "6. Internacional San Jose de Rio Preto"]
[Site "Rio Preto BRA"]
[Date "2007.04.22"]
[Round "5.6"]
[White "Marra, Eduardo"]
[Black "Perdomo, Leandro"]
[Result "1/2-1/2"]
[WhiteElo "2290"]
[BlackElo "2387"]
[PlyCount "52"]
[EventDate "2007.04.19"]
[EventType "tourn"]
[EventRounds "11"]
[EventCountry "BRA"]
[Source "lmi"]
[SourceDate "2007.04.19"]

1. e4 e5 2. Nf3 Nc6 3. d4 exd4 4. Nxd4 Bc5 5. Nxc6 Qf6 6. Qf3 dxc6 7. Nc3 Be6
8. Qg3 O-O-O 9. Bd3 Qg6 10. Qxg6 hxg6 11. Bd2 Nf6 12. f3 Nd7 13. O-O-O Ne5 14.
Be2 f6 15. Na4 Be7 16. Be3 Rxd1+ 17. Kxd1 b6 18. b3 g5 19. Nb2 Bd6 20. Ke1 Ng6
21. h3 Bg3+ 22. Bf2 Be5 23. Nd3 Bc3+ 24. Kf1 c5 25. Be1 Bd4 26. Bf2 Bc3 1/2-1/2

[Event "6. Internacional San Jose de Rio Preto"]
[Site "Rio Preto BRA"]
[Date "2007.04.22"]
[Round "6.1"]
[White "Navarrete, Daniel"]
[Black "Perdomo, Leandro"]
[Result "0-1"]
[WhiteElo "2115"]
[BlackElo "2389"]
[PlyCount "66"]
[EventDate "2007.04.19"]
[EventType "tourn"]
[EventRounds "11"]
[EventCountry "BRA"]
[Source "lmi"]
[SourceDate "2007.04.19"]

1. e4 e5 2. Nf3 Nc6 3. Bc4 Nf6 4. d3 Be7 5. Nc3 d6 6. h3 Na5 7. O-O O-O 8. Qe2
c6 9. b4 Nxc4 10. dxc4 Qc7 11. Be3 Ne8 12. c5 dxc5 13. bxc5 b5 14. cxb6 axb6
15. Rfb1 b5 16. Bg5 f6 17. Bd2 Ra3 18. Rb3 Be6 19. Rxa3 Bxa3 20. Qd3 Nd6 21.
Bc1 Bb4 22. Nd2 Ra8 23. a3 Ba5 24. Qg3 Bb6 25. Kh1 Bd4 26. Rb1 Qa7 27. f4 exf4
28. Qxf4 Bxc3 29. Qxd6 Ba2 30. Bb2 Bxd2 31. Rd1 Ba5 32. Qxc6 Rf8 33. Qxb5 Qb6
0-1

[Event "6. Internacional San Jose de Rio Preto"]
[Site "Rio Preto BRA"]
[Date "2007.04.22"]
[Round "6.2"]
[White "Batista, Gerson Peres"]
[Black "Marra, Eduardo"]
[Result "1-0"]
[WhiteElo "2240"]
[BlackElo "2290"]
[PlyCount "39"]
[EventDate "2007.04.19"]
[EventType "tourn"]
[EventRounds "11"]
[EventCountry "BRA"]
[Source "lmi"]
[SourceDate "2007.04.19"]

1. d4 Nf6 2. c4 e6 3. g3 d5 4. Bg2 dxc4 5. Qa4+ Nc6 6. Nf3 Bb4+ 7. Bd2 Nd5 8.
Bxb4 Ndxb4 9. a3 b5 10. Qxb5 Nc2+ 11. Kd1 Nxa1 12. Ne5 Qxd4+ 13. Nd2 O-O 14.
Nxc6 Qd6 15. Kc1 Nb3+ 16. Nxb3 cxb3 17. Rd1 Rb8 18. Nxb8 Qe7 19. Nc6 Qf6 20. f4
1-0

[Event "6. Internacional San Jose de Rio Preto"]
[Site "Rio Preto BRA"]
[Date "2007.04.22"]
[Round "6.4"]
[White "Stamenkovic, Dragan"]
[Black "Santos, Marcus Vinicius"]
[Result "1-0"]
[WhiteElo "2423"]
[BlackElo "2401"]
[PlyCount "109"]
[EventDate "2007.04.19"]
[EventType "tourn"]
[EventRounds "11"]
[EventCountry "BRA"]
[Source "lmi"]
[SourceDate "2007.04.19"]

1. d4 c5 2. d5 e6 3. e4 exd5 4. exd5 d6 5. Nc3 Nf6 6. Be2 Be7 7. Nf3 O-O 8. O-O
Nbd7 9. Bf4 a6 10. a4 b6 11. Re1 Bb7 12. Qd3 Nh5 13. Bd2 f5 14. Qe3 Rf7 15. Ng5
f4 16. Nxf7 fxe3 17. Nxd8 exd2 18. Red1 Rxd8 19. Bxh5 Bf6 20. Rxd2 Bd4 21. Rad1
g6 22. Bg4 Nf6 23. Rxd4 cxd4 24. Rxd4 Re8 25. Be6+ Kg7 26. f3 Bc8 27. Bxc8 Rxc8
28. Rb4 Nd7 29. Kf2 Kf6 30. Ke3 a5 31. Rf4+ Ke7 32. Re4+ Kf8 33. Re6 Ne5 34.
Kd2 Rc5 35. b3 Nf7 36. f4 g5 37. g3 h5 38. Kd3 h4 39. Kd4 Rc8 40. Kd3 Rc5 41.
Re4 h3 42. Re2 g4 43. Re6 Kg7 44. Re7 Kf8 45. Rd7 Kg7 46. Rb7 Kf8 47. Rxb6 Ke7
48. Rb7+ Kf8 49. Rb5 Rc8 50. Ne4 Re8 51. Rxa5 Nh6 52. Ra7 Nf5 53. Rh7 Re7 54.
Rh5 Ng7 55. Rg5 1-0

[Event "6. Internacional San Jose de Rio Preto"]
[Site "Rio Preto BRA"]
[Date "2007.04.23"]
[Round "7.1"]
[White "Crosa, Martin"]
[Black "Navarrete, Daniel"]
[Result "1/2-1/2"]
[WhiteElo "2403"]
[BlackElo "2115"]
[PlyCount "21"]
[EventDate "2007.04.19"]
[EventType "tourn"]
[EventRounds "11"]
[EventCountry "BRA"]
[Source "lmi"]
[SourceDate "2007.04.19"]

1. e4 e5 2. Nf3 Nc6 3. Bc4 Be7 4. O-O Nf6 5. d3 O-O 6. c3 d6 7. Nbd2 Na5 8. Bb5
a6 9. Ba4 b5 10. Bc2 c5 11. Re1 1/2-1/2

[Event "6. Internacional San Jose de Rio Preto"]
[Site "Rio Preto BRA"]
[Date "2007.04.23"]
[Round "7.4"]
[White "El Debs, Felipe"]
[Black "Stamenkovic, Dragan"]
[Result "1/2-1/2"]
[WhiteElo "2393"]
[BlackElo "2423"]
[PlyCount "27"]
[EventDate "2007.04.19"]
[EventType "tourn"]
[EventRounds "11"]
[EventCountry "BRA"]
[Source "lmi"]
[SourceDate "2007.04.19"]

1. d4 d5 2. c4 c6 3. cxd5 cxd5 4. Nc3 Nf6 5. Nf3 Nc6 6. Bf4 Bf5 7. e3 e6 8. Rc1
Bd6 9. Bxd6 Qxd6 10. Bd3 Bxd3 11. Qxd3 O-O 12. O-O Rfc8 13. Nd2 h6 14. a3
1/2-1/2

[Event "6. Internacional San Jose de Rio Preto"]
[Site "Rio Preto BRA"]
[Date "2007.04.23"]
[Round "7.5"]
[White "Marra, Eduardo"]
[Black "Dolezal, Cristian"]
[Result "0-1"]
[WhiteElo "2290"]
[BlackElo "2414"]
[PlyCount "84"]
[EventDate "2007.04.19"]
[EventType "tourn"]
[EventRounds "11"]
[EventCountry "BRA"]
[Source "lmi"]
[SourceDate "2007.04.19"]

1. e4 c5 2. Nf3 e6 3. d4 cxd4 4. Nxd4 a6 5. Bd3 Bc5 6. Nb3 Be7 7. O-O Nc6 8. f4
d6 9. Nc3 Nf6 10. Qf3 O-O 11. Bd2 g6 12. Rae1 Nd7 13. Kh1 b5 14. Qh3 b4 15. Ne2
Bf6 16. Bc1 Bg7 17. Rd1 Qe7 18. Qe3 Bb7 19. Nd2 Nc5 20. Nc4 Rad8 21. b3 d5 22.
exd5 exd5 23. Qxe7 Nxe7 24. Na5 Ba8 25. a3 Nxd3 26. Rxd3 Nf5 27. axb4 Rfe8 28.
Ng1 d4 29. Nf3 Be4 30. Rd2 Ne3 31. Rff2 Rc8 32. Nxd4 Nxg2 33. Kg1 Ne1 34. Kf1
Bxd4 35. Rxd4 Nxc2 36. Rc4 Bd3+ 37. Kg2 Ne1+ 38. Kg3 Bxc4 39. bxc4 Nd3 40. Rf1
Nxb4 41. Ba3 Nc2 42. Bd6 Ne3 0-1

[Event "6. Internacional San Jose de Rio Preto"]
[Site "Rio Preto BRA"]
[Date "2007.04.23"]
[Round "7.6"]
[White "Perdomo, Leandro"]
[Black "Batista, Gerson Peres"]
[Result "1-0"]
[WhiteElo "2389"]
[BlackElo "2240"]
[PlyCount "63"]
[EventDate "2007.04.19"]
[EventType "tourn"]
[EventRounds "11"]
[EventCountry "BRA"]
[Source "lmi"]
[SourceDate "2007.04.19"]

1. d4 Nf6 2. c4 g6 3. Nc3 Bg7 4. e4 d6 5. f3 O-O 6. Be3 e5 7. Nge2 exd4 8. Nxd4
c6 9. Be2 Re8 10. Bf2 d5 11. exd5 cxd5 12. O-O Nc6 13. c5 Nh5 14. Qd2 Ne5 15.
Rfe1 Nc4 16. Bxc4 Rxe1+ 17. Rxe1 dxc4 18. Qe2 Qg5 19. Qe8+ Bf8 20. h4 Qxc5 21.
Ne6 Bxe6 22. Qxa8 Qc6 23. Ne4 Qc8 24. Qxc8 Bxc8 25. Bxa7 Be6 26. Rd1 Be7 27.
Ng5 Nf4 28. Nxe6 Nxe6 29. Rd7 Bxh4 30. Rxb7 Bf6 31. a4 Nf4 32. Rc7 1-0

[Event "6. Internacional San Jose de Rio Preto"]
[Site "Rio Preto BRA"]
[Date "2007.04.24"]
[Round "8.1"]
[White "Navarrete, Daniel"]
[Black "Batista, Gerson Peres"]
[Result "0-1"]
[WhiteElo "2115"]
[BlackElo "2240"]
[PlyCount "100"]
[EventDate "2007.04.19"]
[EventType "tourn"]
[EventRounds "11"]
[EventCountry "BRA"]
[Source "lmi"]
[SourceDate "2007.04.19"]

1. e4 e5 2. Nf3 Nc6 3. Nc3 Nf6 4. d4 exd4 5. Nxd4 Bb4 6. Nxc6 bxc6 7. Bd3 d5 8.
exd5 cxd5 9. O-O O-O 10. Bg5 c6 11. Qf3 Bd6 12. Rae1 Rb8 13. b3 h6 14. Bxf6
Qxf6 15. Qxf6 gxf6 16. Ne2 c5 17. Ng3 Rb6 18. f4 Rd8 19. Nh5 Bf8 20. Re3 Kh8
21. Rfe1 Bd7 22. Kh1 c4 23. bxc4 Bc5 24. R3e2 Bb4 25. cxd5 Bxe1 26. Rxe1 Bg4
27. Ng3 Rxd5 28. Re8+ Kg7 29. h3 Bd7 30. Rd8 Be6 31. Ra8 Ra5 32. f5 Bxa2 33.
Nh5+ Kh7 34. Rf8 Rd6 35. g4 Ra4 36. Kh2 Bb3 37. Kg3 Ra2 38. Rc8 Ra3 39. Kf4
Ra4+ 40. Ke3 Bd5 41. c4 Rc6 42. Rf8 Bxc4 43. Bxc4 Rcxc4 44. Rxf7+ Kg8 45. Rxf6
Rc3+ 46. Kd2 Rxh3 47. Rg6+ Kf8 48. Rf6+ Ke7 49. Re6+ Kd8 50. Kc2 Rxg4 0-1